000 02792cam a2200253 4500500
005 20260517000350.0
041 _afre
042 _adc
100 1 0 _aBerthe, Abdramane
_eauthor
700 1 0 _aBerthé-Sanou, Lalla
_eauthor
700 1 0 _aKonaté, Blahima
_eauthor
700 1 0 _aHien, Hervé
_eauthor
700 1 0 _aTou, Fatoumata
_eauthor
700 1 0 _aDrabo, Maxime
_eauthor
700 1 0 _aBadini-Kinda, Fatoumata
_eauthor
700 1 0 _aMacq, Jean
_eauthor
245 0 0 _aIntroduction
260 _c2013.
500 _a72
520 _aBeaucoup de personnes et d’institutions financières pensent qu’en Afrique subsaharienne, région marquée par des crises sociopolitiques, économiques et sanitaires, les personnes âgées ne constituent pas une priorité. Cette note présente et critique leurs perceptions et arguments et cherche à démontrer que les personnes âgées constituent une population vulnérable prioritaire mais négligée par l’ensemble des acteurs principalement par les partenaires techniques et financiers de ces pays. Elle s’inscrit dans une approche considérant que le développement est un tout. Améliorer les conditions de vie des enfants, des jeunes, des femmes, tout en négligeant les personnes âgées, c’est accomplir une aide incomplète pour le développement de ce continent. Quatre raisons principales (systémique, éthique/humanitaire, développementaliste et/ou une question d’intérêt ou d’avenir des générations jeunes ou adultes) devraient motiver tous les acteurs à faire d’elles une population non négligée en Afrique subsaharienne.
520 _aThe elderly in sub-Saharan Africa: a vulnerable population often ignored in public policyMany people and financial institutions believe that the elderly are not a priority in sub-Saharan Africa, a region marked by serious economic, socio-political and health crises. The purpose of this paper is to describe and analyze the assumptions and arguments underlying this view and to demonstrate that the elderly are a vulnerable priority population ignored by all stakeholders and primarily by technical and financial partners. The premise is that development must be viewed as a whole. In addition to improving the living conditions of children, youth and women, efforts to promote development in Africa must also take into account the needs of the elderly. The paper argues that there are four main reasons for focusing on the elderly in sub-Saharan Africa: systemic reasons, ethical/humanitarian reasons, developmental reasons and/or the interests and future of youth and adults.
786 0 _nSanté Publique | 25 | 3 | 2013-07-22 | p. 373a-377a | 0995-3914
856 4 1 _uhttps://stm.cairn.info/revue-sante-publique-2013-3-page-373a?lang=fr&redirect-ssocas=7080
999 _c2231703
_d2231703